Paroles dernière danse de KYO - Statistiques

Statistiques générales
  • Ce quiz a été pris 71 fois
  • Le résultat moyen est 181 sur 234
Statistiques - réponses
Paroles % Correct
Dans
98%
dans
98%
de
98%
dernière
98%
le
98%
Un
98%
un
98%
danse
96%
a
95%
je
95%
Je
95%
une
95%
juste
93%
veux
93%
et
91%
Et
91%
ET
91%
la
89%
La
89%
puis
88%
silence
88%
l'indifférence
86%
par
86%
Avant
84%
ma
84%
se
84%
son
84%
fait
82%
l'ombre
82%
que
82%
vertige
82%
corp
81%
En
81%
Elle
79%
J'ai
79%
j'ai
79%
moi
79%
fois
77%
les
77%
long
77%
l'or
75%
parcouru
75%
peau
75%
cent
74%
c'est
74%
C'est
74%
coeur
74%
Effleuré
74%
mal
74%
partie
74%
plus
74%
ses
74%
bien
72%
encore
72%
longtemps
72%
même
72%
pas
72%
qui
72%
Qui
72%
il
70%
Il
70%
larmes
70%
mais
70%
Mais
70%
pour
70%
trop
70%
trouvé
70%
douleur
68%
faute
68%
l'ai
68%
Parfois
68%
visage
68%
appris
67%
essuyant
67%
flèche
67%
on
67%
qu'elle
67%
regard
67%
traversé
67%
ça
65%
dessine
65%
formes
65%
quelques
65%
tôt
65%
Au
63%
étoiles
63%
vie
63%
voyage
63%
mon
61%
peut
61%
prépare
61%
sans
61%
seul
61%
pureté
60%
corps
58%
d'avoir
58%
dire
58%
Merci
58%
apercevoir
56%
est
56%
garde
56%
homme
56%
partir
56%
rien
56%
âme
54%
connue
54%
main
54%
ne
54%
connais
53%
vu
53%
déjà
51%
enchanté
51%
change
46%
l'histoire
46%
bonheur
44%
respire
44%
seulement
44%
peux
42%
mourir
40%
reçu
40%
encré
37%
dance
33%
Aucun quiz correspondant
Distribution des résultats
% des personnes avec chaque résultat
Percentile par nombre de réponses
Votre historique - résultats
Vous n’avez pas pris ce quiz